000 01129nam a2200205 4500
005 20260109152228.0
008 260109b |||||||| |||| 00| 0 eng d
020 _a9789351073963
037 _cTextual
040 _aRTL
_cRTL
084 _qRTL
100 _aPatterson, David A.
_9863475
245 _aComputer organization and design: The hardware/software interface
250 _a6th
260 _aNew Delhi
_bRelx India Pvt. Ltd.
_c2024
300 _axxii, 776 p. I-1-26
_bIncludes bibliographical reference and index
520 _aKey Features covers parallelism in-depth, with examples and content highlighting parallel hardware and software topics includes new sections in each Chapter on domain specific architectures (DSA) discusses and highlights the "eight great ideas" Of computer architecture, including performance via parallelism, performance via pipelining, performance via prediction, design for moore's law, hierarchy of memories, abstraction to simplify design, make the common case fast and dependability via redundancy.
700 _aHennessy, John L.
_eCo-author
_9863476
942 _2CC
_n0
_cTEXL
999 _c1467431
_d1467431